| 000 | 00796nam a2200205 i 4500 | ||
|---|---|---|---|
| 001 | 163588 | ||
| 003 | ES-MaACL | ||
| 005 | 20230906212754.0 | ||
| 008 | 940301s1897 sp |||| | spa d | ||
| 040 |
_aAS _bspa |
||
| 100 | 1 |
_aRivas Moreno, Francisco. _997583 |
|
| 245 | 1 | 3 |
_aEl crédito agrícola y el ahorro / _cF. Rivas Moreno ; con un prólogo de I. García Barrado. |
| 250 | _a2ª ed. corr. y aum. | ||
| 260 |
_aMadrid : _b[s.n.], _c[s.a.] ( _fImprenta de Hijos de M.G. Hernández) |
||
| 300 |
_a103 p. ; _c23 cm. |
||
| 500 | _aCatalog. basada en la cub. | ||
| 596 | _aTexto fechado en 1897. | ||
| 700 | 1 |
_aGarcía Barrado, I. _9127205 |
|
| 852 |
_aES-MaACL _jT-921-F-3 _z-- Enc. hol. conservando la original _z-- Donativo del Ministerio de Fomento, 1900 _z-- Enc. en un vol. facticio |
||
| 999 |
_c163588 _d163588 |
||